000 00662nam a22001817a 4500
999 _c172702
_d172702
005 20230628165848.0
010 _aENG-127685 ENG-137216
020 _c500.00
_a9788185984957
035 _aEN-111217 EN-120748
037 _bDBAD/PUB
082 _a338.47629222
100 _aN.S.Mohan Ram
245 _aRecyling End-of-life Vehicles:
_bby N.S.Mohan Ram
_cwith special focus on India and developing nations/
260 _aMadras
_bProductivity & Quality Publishing Pvt.Ltd.
_c2019
270 _bMadras
_a38,Thanikachalam Road, T. Nagar
_e110002
_maryanbooks@gmail.com
300 _axxii;212p.
_b23cm(hb)
942 _2ddc
_cEN
_h338.47629222
_mNSM